Statistiques concernant Palmarès de la coupe Intertoto

Cliquez ici pour prendre le quiz!

Statistiques générales

  • Ce quiz a été pris 83 fois
  • Le résultat moyen est 14 sur 35

Statistiques - réponses

EditionPaysClub% Correct
2005FranceMarseille
84%
2001FrancePSG
84%
1997FranceLyon
77%
2004FranceLille
66%
1995FranceBordeaux
65%
2005FranceLens
65%
1997FranceAuxerre
59%
1999ItalieJuventus
59%
1995FranceStrasbourg
58%
2008PortugalBraga
53%
1998EspagneValence
47%
2004AllemagneSchalke 04
42%
2003AllemagneSchalke 04
42%
1999FranceMontpellier
41%
1998AllemagneWerder Brême
41%
1996FranceGuingamp
38%
2007AllemagneHambourg
37%
2005AllemagneHambourg
37%
2003EspagneVillarreal
37%
2004EspagneVillarreal
37%
2001AngleterreAston Villa
35%
1997FranceBastia
35%
2006AngleterreNewcastle
34%
2000AllemagneStuttgart
33%
2002AllemagneStuttgart
33%
1999AngleterreWest Ham
33%
2001FranceTroyes
32%
2000ItalieUdinese
25%
1998ItalieBologne
23%
2002AngleterreFulham
22%
2002EspagneMalaga
22%
2000EspagneCelta Vigo
19%
2003ItaliePerouse
9%
1996DanemarkSilkeborg
9%
1996AllemagneKarlsruher
4%

Distribution des résultats

Percentile par nombre de réponses

% des personnes avec chaque résultat

Votre développement - résultats

Vous n’avez pas pris ce quiz